El contracarnaval en Dominicana y en Haití : (Record no. 51848)
[ view plain ]
| 000 -CABECERA | |
|---|---|
| campo de control de longitud fija | 00726nam a22002297a 4500 |
| 003 - IDENTIFICADOR DEL NÚMERO DE CONTROL | |
| campo de control | DO-SdBNP |
| 005 - FECHA Y HORA DE LA ÚLTIMA TRANSACCIÓN | |
| campo de control | 20220531090449.0 |
| 007 - CAMPO FIJO DE DESCRIPCIÓN FÍSICA--INFORMACIÓN GENERAL | |
| campo de control de longitud fija | ta |
| 008 - DATOS DE LONGITUD FIJA--INFORMACIÓN GENERAL | |
| campo de control de longitud fija | 110301s2015 dr c 000 0 spa d |
| 040 ## - FUENTE DE LA CATALOGACIÓN | |
| Centro catalogador/agencia de origen | DO-SdBNP |
| Lengua de catalogación | spa |
| Centro/agencia transcriptor | BNPHU |
| 082 #4 - NÚMERO DE LA CLASIFICACIÓN DECIMAL DEWEY | |
| Número de clasificación | xxxx |
| Número de documento/Ítem | T266c |
| 100 1# - ENTRADA PRINCIPAL--NOMBRE DE PERSONA | |
| Nombre de persona | Tejeda Ortiz, Dagoberto |
| 9 (RLIN) | 53018 |
| Fechas asociadas al nombre | 1940- |
| 245 13 - MENCIÓN DE TÍTULO | |
| Título | El contracarnaval en Dominicana y en Haití : |
| Resto del título | resistencia e identidad / |
| Mención de responsabilidad, etc. | Dagoberto Tejeda Ortiz |
| 260 ## - PUBLICACIÓN, DISTRIBUCIÓN, ETC. | |
| Lugar de publicación, distribución, etc. | Santo Domingo : |
| Nombre del editor, distribuidor, etc. | Indefolk, |
| Fecha de publicación, distribución, etc. | 2015. |
| 300 ## - DESCRIPCIÓN FÍSICA | |
| Extensión | 35 p. : |
| Otras características físicas | retr. |
| Dimensiones | 22 cm. |
| 490 1# - MENCIÓN DE SERIE | |
| Mención de serie | Dagoberto Tejeda Ortiz |
| 500 ## - NOTA GENERAL | |
| Nota general | Incluye datos biográficos del autor. |
| 590 ## - NOTA LOCAL (RLIN) | |
| Nota local | Inventariado, 2022/ YL |
| 830 #0 - PUNTO DE ACCESO ADICIONAL DE SERIE-TÍTULO UNIFORME | |
| Nombre de parte o sección de la obra | Dagoberto Tejeda Ortiz |
| 9 (RLIN) | 81729 |
| 910 ## - DATOS DE OPCIÓN DEL USUARIO (OCLC) | |
| Datos de opción del usuario | YLockward |
| 942 ## - ELEMENTOS DE PUNTO DE ACCESO ADICIONAL (KOHA) | |
| Fuente del sistema de clasificación o colocación | Dewey Decimal Classification |
| Tipo de ítem Koha | Folleto |
| Estado de retiro | Estado de pérdida | Fuente del sistema de clasificación o colocación | Restricciones de uso | No para préstamo | Código de colección | Localización permanente | Ubicación/localización actual | Ubicación en estantería | Fecha de adquisición | Fuente de adquisición | Total de préstamos | Signatura topográfica completa | Código de barras | Fecha visto por última vez | Precio válido a partir de | Tipo de ítem Koha |
|---|---|---|---|---|---|---|---|---|---|---|---|---|---|---|---|---|
| Dewey Decimal Classification | Préstamo restringido | Patrimonio Dominicano Folletos | Biblioteca Nacional Pedro Henríquez Ureña | Biblioteca Nacional Pedro Henríquez Ureña | Depósito | 12.02.2021 | Dagoberto Tejeda Ortiz | xxxx T266c | 2022-2483 | 31.05.2022 | 31.05.2022 | Folleto |
